| 000 | 00506nam a22001817a 4500 | ||
|---|---|---|---|
| 005 | 20180710164739.0 | ||
| 010 | _aEN-106379 | ||
| 020 |
_a9789386682157 _c350.00 |
||
| 035 | _aEN-106379 | ||
| 037 | _bDBAD/PUB | ||
| 082 | _aN | ||
| 100 | _aDeol, Kanwaljit | ||
| 245 |
_aThe year of the hawks : _cby Kanwaljit Deol _ba novel / |
||
| 260 |
_aNew Delhi _bSpeaking Tiger _c2017 |
||
| 270 |
_a4381/4, Ansari Road, Daryaganj, _bNew Delhi _e110002 |
||
| 300 |
_a283p. _c21cm(pbk) |
||
| 942 |
_2ddc _cEN _mDEO _hN |
||
| 999 |
_c151820 _d151820 |
||